| 000 | 00386nam a2200157Ia 4500 | ||
|---|---|---|---|
| 003 | OSt | ||
| 005 | 20231207104935.0 | ||
| 008 | 170524s9999 xx 000 0 und d | ||
| 020 | _a9788176561066 | ||
| 040 | _cIIMT UNIVERSITY | ||
| 100 | _aGopalaswamy T P | ||
| 100 | _c2010 | ||
| 245 | 0 | _aRULRAL MARKETING ENVIRONMENT PROBLEMS AND STRATEGIES | |
| 260 | _aVikas Pub. | ||
| 942 |
_2ddc _c02 |
||
| 999 |
_c2385 _d2385 |
||